Tilastot visalle Valtiot, joilla on eniten talviolympialaisten mitaleja

Klikkaa tästä pelataksesi tätä visaa!

Yleistilastot

  • Tätä visaa on pelattu 1 576 kertaa
  • Keskiarvotulos 16 / 19

Vastaustilastot

MitalejaValtio% Oikein
405Norja
100%
175Suomi
100%
176Ruotsi
99%
170Venäjä
98%
330Yhdysvallat
98%
225Kanada
97%
306Saksa / Länsi-Saksa
97%
77Kiina
93%
76Japani
92%
138Ranska
92%
141Italia
86%
250Itävalta
86%
167Sveitsi
85%
34Iso-Britannia
79%
33Tšekki
76%
147Alankomaat
68%
79Etelä-Korea
68%
227Neuvostoliitto / Yhdistynyt joukkue
63%
110Itä-Saksa
40%

Tulosjakauma

Persentiili vastausten määrän mukaan

Jokaisen tuloksen saaneiden osuus

Tuloshistoriasi

Et ole pelannut tätä visaa